Rozpoznávanie emočného stavu človeka z reči s použitím neurónovej siete

Guardado en:
Detalles Bibliográficos
Autor principal: Zachar, Lev Martin (Autor)
Otros Autores: Guoth, Igor (Orientador)
Formato: Manuscrito Libro
Lenguaje:eslovaco
Publicado: 2019
Materias:
Acceso en línea:http://is.stuba.sk/zp/portal_zp.pl?podrobnosti=115791
Etiquetas: Agregar Etiqueta
Sin Etiquetas, Sea el primero en etiquetar este registro!

MARC

LEADER 00000ntm a22000003a 4500
001 stuzp70353
003 SK-STU
005 20190622210756.9
007 ta
008 150427s2015----xo-----f-mn---000-0-slo-d
040 |a STU  |b slo 
041 0 |a slo 
100 1 |a Zachar, Lev Martin  |u 070200  |4 aut  |U FIIT Fakulta informatiky a informačných technológií  |T FIIT Ústav informatiky, informačných systémov a softvérového inžinierstva  |X 74366  |U I200  |Y 179  |7 74366 
242 0 1 |a Emotion recognition from speech with the use of neural network  |y eng 
245 1 0 |a Rozpoznávanie emočného stavu človeka z reči s použitím neurónovej siete 
260 |c 2019 
650 4 |a neurónová sieť  |2 slo 
650 4 |a rozpoznávanie emócií  |2 slo 
650 4 |a umelá inteligencia  |2 slo 
650 4 |a neural network  |2 eng 
650 4 |a speech recognition  |2 eng 
650 4 |a artificial intelligence  |2 eng 
700 1 |a Guoth, Igor  |4 ths  |X 90784  |7 90784 
856 4 |u http://is.stuba.sk/zp/portal_zp.pl?podrobnosti=115791 
996 |c I*BAP75/19  |l II680  |s P  |a 0  |w stuzp70353_0001